|
|
|
|
| LEADER |
01006nam a2200265 a 4500 |
| 001 |
4947 |
| 003 |
BD-DhAAL |
| 005 |
20141231151259.0 |
| 008 |
141231s2000 ii d 000 0 beno |
| 010 |
|
|
|a 2005320188
|z 2006348698
|
| 040 |
|
|
|a DLC
|c DLC
|d DLC
|d BD-DhAAL
|
| 082 |
0 |
0 |
|a 491/.44321
|2 21
|
| 999 |
|
|
|c 33373
|d 33373
|
| 999 |
|
|
|c 9139
|
| 245 |
0 |
0 |
|a Samsad English - Bengali dictionary /
|
| 246 |
3 |
0 |
|a English - Bengali dictionary
|
| 260 |
|
|
|a Kolkata :
|b Sahitya Samsad :
|b Distributor, Indian Book Distributing Co.,
|c 2000.
|
| 300 |
|
|
|a 16, 1350 p. ;
|c 21 cm.
|
| 500 |
|
|
|a "Second edition edited by Birendramohan Dasgupta, revised by Subodhchandra Sengupta."
|
| 541 |
1 |
|
|e 4947
|
| 546 |
|
|
|a Bengali and English.
|
| 650 |
|
0 |
|a Bengali language
|v Dictionaries
|x English.
|9 7070
|
| 852 |
4 |
|
|a Ayesha Abed Library
|j General shelf
|
| 942 |
|
|
|2 ddc
|c BK
|
| 952 |
|
|
|0 0
|1 0
|2 ddc
|4 0
|6 491_443210000000000_SAM
|7 0
|9 44587
|a BRACUL
|b BRACUL
|c REF
|d 2014-12-31
|g 175.00
|l 0
|o 491.44321 SAM
|p 3010004947
|r 2014-12-31
|t 1
|w 2014-12-31
|y BK
|